Famous people picture quiz (challenging) Stats

 Plays Quiz not verified by Sporcle

Score 0/24 Timer 07:00
0 Plays Today
Photo Name % Correct
22Babe Ruth
70.8%
24Andy Warhol
65.6%
9Walt Disney
64.7%
17Jesse Owens
52.7%
13Karl Marx
43.2%
20Pablo Picasso
42.5%
3Lauren Bacall
37.7%
7Charles Dickens
28.7%
6Coco Chanel
28%
14Ho Chi Minh
26.8%
10Henry Ford
26.4%
2Neil Armstrong
24.2%
Photo Name % Correct
21John D Rockefeller
23.9%
16George Orwell
21.8%
1Giorgio Armani
15.5%
12Edmund Hilary
13.7%
4Isambard Kingdom Brunel
13.1%
11Yuri Gagarin
12.7%
15Claude Monet
10.8%
23Ridley Scott
10.3%
5Lewis Carroll
8.1%
18Eva Peron
7.7%
8Christian Dior
7.2%
19Fred Perry
3.3%

You're not logged in!

Compare scores with friends on all Sporcle quizzes.
OR
Log In

Show Comments

Extras

Top Quizzes Today


Score Distribution

Your Account Isn't Verified!

In order to create a playlist on Sporcle, you need to verify the email address you used during registration. Go to your Sporcle Settings to finish the process.

Report this User

Report this user for behavior that violates our Community Guidelines.

Details: